| 000 | 00811 a2200241 4500 | ||
|---|---|---|---|
| 003 | UA-OsUOA | ||
| 005 | 20210331101140.0 | ||
| 008 | 210310b un ||||| |||| 00| 0 pol d | ||
| 020 | _a9788388863240 | ||
| 040 |
_aUA-OsUOA _bukr _cUA-OsUOA _dUA-OsUOA |
||
| 041 | _apol | ||
| 080 | _a282(477) | ||
| 090 | _a282(477) | ||
| 100 | _aKrzysztof R. P. | ||
| 245 |
_aBiskupi kamienieccy od średniowiecza do współczesności _bszkice biograficzne _cRafal Prokop Krzysztof |
||
| 260 |
_bWołania z Wołynia _c2007 _aBiały Dunajec ; Ostrog |
||
| 300 | _a403 s. | ||
| 490 |
_aBiblioteka "Wołanie z Wołynia" _vT. 55 |
||
| 650 |
_2UDC _a2 Релігія |
||
| 942 |
_cBK _2udc |
||
| 955 | _a1 | ||
| 999 |
_c570340 _d570340 |
||